| 000 | 01046nam a22002417a 4500 | ||
|---|---|---|---|
| 999 |
_c1765 _d1765 |
||
| 003 | AR-CdUCM | ||
| 008 | 190227b ||||| |||| 00| 0 spa d | ||
| 040 |
_aMUNICIPALIDAD PROVINCIAL DEL CUSCO _cBIBLIOTECA MUNICIPAL DEL CUSCO |
||
| 041 | _heng | ||
| 082 |
_22ed. _a335.09 / _bC75 |
||
| 100 |
_aCole, G. D.H. _96485 |
||
| 245 |
_aHistoria del pensamiento socialista / _cG, D. H. Cole |
||
| 260 |
_aMexico, D.F. : _bFondo de cultura económica, _c1962. |
||
| 300 |
_a342 paginas ; _c21 cm. |
||
| 505 | _aContiene: t.1 -- Los precursores (1789-1850) -- t.2 -- Marxismo y Anarquismo -- t.3 -- La segunda internacional (1889-1914) -- t.4 -- La segunda internacional (1889-1914) -- t.5 -- Comunismo y socialdemocracia (1914-1931) -- t.6 -- Comunismo y socialdemocracia (1914-1931) -- t.7 -- Socialismo y fascismo (1931-1939) | ||
| 650 |
_aSocialismo _91037 |
||
| 650 |
_aSocialismo _91037 |
||
| 650 |
_aHistoria _9136 |
||
| 650 |
_aRevolución Francesa _91606 |
||
| 700 |
_aLanda, Rubén _96486 |
||
| 942 |
_2ddc _cLIBROS |
||
| 945 |
_aacv _d2019-02-27 |
||